[Event "CAN-ch U12"]
[Site "Windsor"]
[Date "2010.07.06"]
[Round "2"]
[White "Clemente, Denroi Lee"]
[Black "McCullough, David"]
[Result "0-1"]
[WhiteElo "988"]
[BlackElo "1422"]
[PlyCount "40"]
[EventDate "2010.07.06"]
[EventType "swiss"]
[EventRounds "7"]
[EventCountry "CAN"]
[SourceTitle "EXT 2012"]
[Source "ChessBase"]
[SourceDate "2011.11.24"]
[SourceVersion "1"]
[SourceVersionDate "2011.11.24"]
[SourceQuality "1"]

1. e4 e6 2. d4 d5 3. exd5 exd5 4. Bb5+ c6 5. Bf1 Nf6 6. Nf3 Be7 7. Nc3 Bg4 8. Bg5 Nbd7 9. Bxf6 Nxf6 10. Bd3 Bb4 11. a3 Bxc3+ 12. bxc3 Ne4 13. Bxe4 dxe4 14. 0-0 exf3 15. gxf3 Bh3 16. Re1+ Kf8 17. Re5 Qd6 18. Rg5 Re8 19. Rh5 Qg6+ 20. Kh1 Qg2# 0-1

[Event "Canadian op"]
[Site "Edmonton"]
[Date "2009.07.14"]
[Round "4.91"]
[White "McCullough, David"]
[Black "Amundson, Kristofor"]
[Result "1/2-1/2"]
[WhiteElo "1293"]
[BlackElo "1601"]
[PlyCount "49"]
[EventDate "2009.07.11"]
[EventType "swiss"]
[EventRounds "9"]
[EventCountry "CAN"]
[SourceTitle "EXT 2022"]
[Source "ChessBase"]
[SourceDate "2021.10.06"]
[SourceVersion "1"]
[SourceVersionDate "2021.10.06"]
[SourceQuality "1"]

1. d4 d5 2. c4 e6 3. Nc3 Nf6 4. Bg5 Be7 5. c5 b6 6. b4 0-0 7. e3 Re8 8. Bb5 c6 9. Bd3 Nbd7 10. Nf3 a5 11. a3 Ba6 12. 0-0 Ne4 13. Bxe7 Qxe7 14. Qc2 Ndf6 15. Bxa6 Rxa6 16. Nxe4 Nxe4 17. Ne5 Qb7 18. Rab1 b5 19. a4 f6 20. Nd3 Rea8 21. axb5 Qxb5 22. bxa5 Qxa5 23. Nb4 Qa4 24. Rb2 Qxc2 25. Nxc2 1/2-1/2